[Event "BLR-chT U18"]
[Site "Gomel"]
[Date "2024.03.04"]
[Round "6.4"]
[White "Paludniakou, Vsevalad"]
[Black "Krukouski, Serafim"]
[Result "0-1"]
[WhiteElo "1600"]
[BlackElo "2000"]
[PlyCount "106"]
[EventDate "2024.03.01"]
[EventType "tourn"]
[EventRounds "7"]
[EventCountry "BLR"]
[SourceTitle "CBM 219 Extra"]
[Source "ChessBase"]
[SourceDate "2024.05.31"]
[SourceVersion "1"]
[SourceVersionDate "2024.05.31"]
[SourceQuality "1"]

1. Nf3 Nf6 2. d4 g6 3. Bf4 Bg7 4. e3 d6 5. c3 0-0 6. Bd3 Nfd7 7. 0-0 Qe8 8. Qe2 e5 9. Bg3 e4 10. Bxe4 Qxe4 11. Nbd2 Qe7 12. Bh4 Qe8 13. e4 Nc6 14. Rfe1 Nb6 15. h3 f5 16. exf5 Qxe2 17. Rxe2 Bxf5 18. Rae1 h6 19. Bg3 Kf7 20. Nh4 Bd7 21. b4 Rae8 22. b5 Na5 23. Rxe8 Rxe8 24. Rxe8 Bxe8 25. Nhf3 Bxb5 26. Bh4 Nac4 27. Bd8 Nd5 28. Nxc4 Bxc4 29. Nd2 Bxa2 30. Bh4 Nxc3 31. Kf1 b5 32. Ke1 b4 33. Bd8 c5 34. dxc5 dxc5 35. Ba5 Bd4 36. f3 b3 37. Nxb3 Bxb3 38. Kd2 Ke6 39. Bxc3 Bxc3+ 40. Kxc3 Bd5 41. Kd3 a5 42. Kc3 a4 43. Kb2 c4 44. Ka3 c3 45. g4 g5 46. Kxa4 c2 47. f4 c1Q 48. f5+ Kd6 49. Kb4 Kc6 50. Ka4 Qa1+ 51. Kb4 Qb2+ 52. Ka4 Qb3+ 53. Ka5 Qb5# 0-1